| 000 | 00389nam a22001457a 4500 | ||
|---|---|---|---|
| 008 | 230328b ||||| |||| 00| 0 eng d | ||
| 020 | _a9781581100266 | ||
| 041 | _aeng | ||
| 080 | _a616.53 | ||
| 082 | _a616.53AAP | ||
| 100 | _a14 | ||
| 101 | _aPEDIATRI | ||
| 245 |
_aCLINICAL PRACTICE GUIDELINES OF THE AMERICAN ACADEMYOF PEDIATRICS _cAMERICAN ACADEMY OF PEDIATRICS |
||
| 942 |
_2udc _cBK |
||
| 999 |
_c59466 _d59466 |
||